000 00535nam a2200181Ia 4500
008 090201s9999 xx 000 0 und d
010 _aKPL-67749
040 _bमराठी
041 _aमराठी
082 _a45413
_b67749
100 _a मोनिका गजेंद्रगडकर
245 _aभूप
_c मोनिका गजेंद्रगडकर
250 _a1
260 _c2005
_bमौज प्रकाशन
300 _a152
_bमोठा
600 _aभूप
942 _cBOOK
999 _c242327
_d242327